Statistics for NCAA FOOTBALL TEAMS BY STATE (N)

Click here to take the quiz!

General Stats

  • This quiz has been taken 62 times
    (42 since last reset)
  • The average score is 12 of 16

Answer Stats

HintAnswer% Correct
NebraskaNebraska Cornhuskers
97%
New MexicoNew Mexico Lobos
97%
North CarolinaNorth Carolina Tar Heels
97%
New YorkSyracuse Orange
97%
NevadaNevada Wolf Pack
94%
New MexicoNew Mexico State Aggies
94%
North CarolinaNorth Carolina State Wolfpack
91%
NevadaUNLV Rebels
85%
New YorkBuffalo Bulls
74%
North CarolinaDuke Blue Devils
74%
New JerseyRutgers Scarlet Knights
71%
North CarolinaEast Carolina Pirates
62%
North CarolinaWake Forest Demon Deacons
59%
New YorkArmy Black Knights
53%
North CarolinaAppalachian State Mountaineers
47%
North CarolinaCharlotte 49ers
41%

Score Distribution

Percentile by Number Answered

Percent of People with Each Score

Your Score History

You have not taken this quiz since the last reset